000 00287nam a22001337a 4500
008 170804b xxu||||| |||| 00| 0 eng d
020 _a9780071741200
041 _aeng
080 _23RD
_a004
100 _a33
101 _aSHK
245 _aJAVA SCRIPT
_cPOWELL,TH.A
942 _2udc
_cBK
999 _c22735
_d22735